Представление документа в формате RUSMARC

ПолеНазваниеЗначение
  Тип записи a
  Библиографический уровень m
001 Контрольный номер RU/SLIB/B/208768947
005 Дата корректировки 20201206204253.4
010 Индекс ISBN __
a ISBN 5-8365-0198-x
d Цена 490-00
101 Язык документа 0_
a Язык текста rus
c Язык оригинала rus
200 Заглавие и сведения об ответственности 0_
a Заглавие Развитие систем автоматизации и телемеханизации в нефтегазовой промышленности
f Первые сведения об ответственности А. Э. Мовсумзаде, А. Е. Сощенко
b Общее обозначение материала Текст
210 Выходные данные __
a Место издания М.
c Издательство Недра
d Дата издания 2004
215 Физическое описание __
a Объем 333 с.
320 Библиография __
a Библиография Библиогр.: с. 324-329
330 Аннотация __
a Аннотация Анализ оснащенности нефтегазодобывающих предприятий средствами автоматизации, состояние разработки и выпуска средств автоматизации, принципы построения автоматизированного управления нефтегазодобывающим производством.
606 Тематические рубрики __
a Основная рубрика Горное дело
606 Тематические рубрики __
a Основная рубрика Транспорт
606 Тематические рубрики __
a Основная рубрика Разработка нефтяных и газовых месторождений
606 Тематические рубрики __
a Основная рубрика Трубопроводный транспорт
610 Ключевые слова __
a Ключевые слова нефтегазодобывающее производство; нефтегазодобывающие предприятия; автоматика; телемеханика; нефтедобыча; автоматизация нефтедобычи; информационно-измерительные комплексы; нефтепроводы; контрольно-измерительные приборы; вычислительная техника; эвм; нефтепродукты
686 Индексы других классификаций __
a Классификационный индекс 33.36
686 Индексы других классификаций __
a Классификационный индекс 39.7
700 Автор _1
a Фамилия Мовсумзаде
b Имя А. Э.
4 Код отношения 070
702 Вторичная интеллектуальная ответственность _1
a Фамилия Сощенко
b Имя А. Е.
4 Код отношения Автор
801 Источник записи _0
a Страна RU
b Организация Муниципальное бюджетное учреждение культуры "Централизованная библиотечная система" г. Сургут (Центральная городская библиотека им. А. С. Пушкина)
g Правила каталогизации КиК/Котельникова
801 Источник записи _1
a Страна RU
b Организация Муниципальное бюджетное учреждение культуры "Централизованная библиотечная система" г. Сургут (Центральная городская библиотека им. А. С. Пушкина)
g Правила каталогизации КиК/Котельникова
852 Данные о местонахождении __
j Шифр хранения 33.36
c Каталожный индекс 33.36; 39.7
i Авторский знак М 74
p Инвентарный номер 05051399; 05051400
901 Тип документа __
t Тип документа m
903 Характеристики (МАРС) __
a Дата передачи 20050520
990 Данные о заказе (DOS) __
j Количество экземпляров (DOS) 2
t N записи в КСУ для И/У (DOS) 200505